000 01265nam a22003137a 4500
999 _c435376
_d435376
003 BLK
005 20250623164113.0
008 200630b bu ||||| |||| 00| 0 bu d
020 _a9789543574377
040 _aBLK
041 _aBUL
_cBUL
080 _aАмериканска литература (на САЩ)
_b821.111(73)
_x-312.9
_z821.111(73)-312.9
100 _aШуаб, Виктория Елизабет
_eпърви автор
_9416836
139 _aШуаб, Виктория Елизабет
_bШ 96
245 _aТази свирепа песен
_cВиктория Елизабет Шуаб; прев. от англ. Елена Павлова
257 _aBGR
260 _9210050
_aСофия
_bЕМАС
_c2019
_fМултипринт
300 _a384 с.
_c21 см
380 _aX
490 _9466652
_aЧудовищата от искреност
_vКн. 1
500 _aКн. 1 от поредицата "Чудовищата от искреност".
700 _9315021
_aПавлова, Елена Веселинова
_eпрев. от англ.
852 _bП
_c821-31/Ш 96 В
942 _cKNG
_n0
_s1
_015
944 _aCR
_c2021-11-02
_k30575
_lМартин Енчев
999 _d435376
999 _d435376
999 _d435376